000 00638nam a2200169 a 4500
008 120416s1977 ||||||||||||||||| || u
050 _aHC 1025 Gor
100 _aGoreux, Louis M
245 1 0 _aInterdependence in planning
246 _amulti level programming studies of Ivory Coast
260 _aBaltimore
_bJohn Hopkins University for the World Bank
_c1977
300 _axv,413p. : ill.
350 _a0.00
650 0 _aECONOMICS
650 _aECONOMIC PLANNING--IVORY COAST
995 _D0.00
_FCBU-MAIN LIBRARY (Kitwe)
_H1
_I0.00
_M1
_UAVAILABLE
_ZAnnex Low-Usage Collection
999 _c47202
_d47202